Library of the University of Algiers 3
Ibrahim Sultan Cheibout
شعار جامعة الجزائر 3
مكتبة جامعة الجزائر 3
إبراهيم سلطان شيبوط

ادارة المبيعات / (رقم التسجيلة. 46042)

تفاصيل مارك
000 -LEADER
fixed length control field 01959nam a2200229Ia 4500
003 - CONTROL NUMBER IDENTIFIER
control field Ost
005 - DATE AND TIME OF LATEST TRANSACTION
control field 20260507075732.0
008 - FIXED-LENGTH DATA ELEMENTS--GENERAL INFORMATION
fixed length control field 260507s9999||||xx |||||||||||||| ||und||
040 ## - CATALOGING SOURCE
Transcribing agency fsecg
041 ## - LANGUAGE CODE
Language code of text/sound track or separate title ara
082 ## - DEWEY DECIMAL CLASSIFICATION NUMBER
Classification number 658.81
100 ## - MAIN ENTRY--PERSONAL NAME
Personal name الجياشي، علي عبد الرضا
Relator term مؤلف
245 #0 - TITLE STATEMENT
Title ادارة المبيعات /
Statement of responsibility, etc. علي عبد الرضا الجياشي
260 ## - PUBLICATION, DISTRIBUTION, ETC.
Place of publication, distribution, etc. عمان:
Name of publisher, distributor, etc. دار وائل للنشر و التوزيع,
Date of publication, distribution, etc. 2003
300 ## - PHYSICAL DESCRIPTION
Extent 358 صفحة؛
Dimensions 24 سم
504 ## - BIBLIOGRAPHY, ETC. NOTE
Bibliography, etc. note بيبليوغرافيا : ص. 353-358
520 ## - SUMMARY, ETC.
Summary, etc. إن ادارة المبيعات هي الادارة التي تتولى عملية المبادلة والتي تعتبر بوابة المنشأة على السوق. يقع الكتاب في خمسة أجزاء تتفرع منه الفصول على النحوالتالي: الفصول الأولى تناولت المدخل لادارةالمبيعات وماهية إدارة المبيعات والبيع الشخصي وتنظيم المبيعات وتنظيم تحفيز القوى البيعية، وتناولت الفصول الاخرى الحوافز ومكافأة رجال البيع وتخطيط المبيعات وماهية التنبؤ بالمبيعات وأساليب التنبؤ بالمبيعات والميزانية التقديرية للمبيعات وتخطيط واقامة مناطق البيع وتخطيط وتكوين الحصص البيعية، الاجزاء الأخيرة تحدثت عن رقابة وتقييم أداء الأنشطة البيعية وتقييم وأداء رجال البيع وادارة المبيعات وأنظمة المعلومات وأنظمة المعلومات التسويقية وأخيرا أنظمة دعم القرارات التسويقية.
653 ## - INDEX TERM--UNCONTROLLED
Uncontrolled term ادارة المبيعات
653 ## - INDEX TERM--UNCONTROLLED
Uncontrolled term الاسواق
700 ## - ADDED ENTRY--PERSONAL NAME
Personal name عبدالعزيز، عتمان سعيد
Relator term مؤلف ثانوي
942 ## - ADDED ENTRY ELEMENTS (KOHA)
Koha item type كتب
المقتنيات
Withdrawn status Lost status Source of classification or shelving scheme Damaged status Not for loan Home library Current library Date acquired Serial enumeration / chronology Inventory number Total checkouts Full call number Barcode Date last seen Price effective from Koha item type
    Library of Congress Classification   NOT LOAN / إعارة داخلية مكتبة كلية العلوم الإقتصادية والعلوم التجارية وعلوم التسيير مكتبة كلية العلوم الإقتصادية والعلوم التجارية وعلوم التسيير 07/05/2026 الطابق الأرضي 1188/1   أ/1188ن1 1188/1 07/05/2026 07/05/2026 كتب
    Dewey Decimal Classification   Available مكتبة كلية العلوم الإقتصادية والعلوم التجارية وعلوم التسيير مكتبة كلية العلوم الإقتصادية والعلوم التجارية وعلوم التسيير 07/05/2026 الطابق الأرضي 1188/2   أ/1188ن2 1188/2 07/05/2026 07/05/2026 كتب
    Dewey Decimal Classification   Available مكتبة كلية العلوم الإقتصادية والعلوم التجارية وعلوم التسيير مكتبة كلية العلوم الإقتصادية والعلوم التجارية وعلوم التسيير 07/05/2026 الطابق الأرضي 1188/3   أ/1188ن3 1188/3 07/05/2026 07/05/2026 كتب
    Dewey Decimal Classification   Available مكتبة كلية العلوم الإقتصادية والعلوم التجارية وعلوم التسيير مكتبة كلية العلوم الإقتصادية والعلوم التجارية وعلوم التسيير 07/05/2026 الطابق الثاني 1188/4   أ/1188ن4 1188/4 07/05/2026 07/05/2026 كتب
    Dewey Decimal Classification   Available مكتبة كلية العلوم الإقتصادية والعلوم التجارية وعلوم التسيير مكتبة كلية العلوم الإقتصادية والعلوم التجارية وعلوم التسيير 07/05/2026 الطابق الثاني 1188/5   أ/1188ن5 1188/5 07/05/2026 07/05/2026 كتب

موارد الويب المفتوحة


© University of Algiers 3 All Rights Reserved
|
Implemented by LECHELAH Riad